Statystyki dla Quiz o Danii

Kliknij tutaj aby rozwiązać quiz!

Ogólne statystyki

  • Ten quiz został rozwiązany 336 razy
  • Średni wynik to 13 z 23

Statystyki odpowiedzi

WskazówkaOdpowiedź% Poprawnych
Język urzędowyDuński
100%
StolicaKopenhaga
98%
Kolorowe plastikowe klockiLego
93%
Państwo granicząceNiemcy
90%
Największa wyspa na świecieGrenlandia
90%
Morza graniczące z DaniąMorze Bałtyckie
83%
WalutaKorona
76%
Morza graniczące z DaniąMorze Północne
76%
Najsłynniejszy autor bajekHans Christian Andersen
63%
Wyspy północnoatlantyckie należące do DaniiWyspy Owcze
55%
Statua stojąca w porcie w stolicyMała {Syrenka}
53%
Główny półwysepJutlandzki
52%
Sztuka Szekspira rozgrywająca się w DaniiHamlet
50%
Najbardziej zaludniona wyspaZelandia
45%
Główna gałąź chrześcijaństwaLuteranizm
43%
Najpopularniejsza marka piwa na świecieCarlsberg
42%
Nazwa kraju w tym językuDanmark
37%
Drugie największe miastoAarhus
33%
Obecna królowaMałgorzata II
23%
Odkrywca i imiennik cieśninyVitus Bering
22%
Park rozrywki otwarty w 1843 r.Ogrody {Tivoli}
16%
"Autonomiczne" hipisowskie
osiedle w stolicy
Christiania
14%
Egzystencjalny filozofSøren Kierkegaard
9%

Rozkład punktacji

Percentyl według liczby udzielonych odpowiedzi

Procent ludzi z każdym wynikiem

Twoja historia wyników

Nie rozwiązałeś tego quizu